| 000 | 01043naa a22002777a 4500 | ||
|---|---|---|---|
| 001 | BR8601178 | ||
| 003 | BR-BrBNA | ||
| 005 | 20250721154506.0 | ||
| 007 | ta | ||
| 008 | 250630b bl.|||m| |||| 00| 0 por d | ||
| 040 |
_aBR-BrBNA _bpor _cBiblioteca Nacional de Agricultura |
||
| 041 | _a(Pt) | ||
| 072 |
_aH20 _b1160 _b4120 _bG514 |
||
| 090 | _aH20 BR8601178 | ||
| 100 | 1 | _aPonte, J.J. da | |
| 111 | 1 |
_a10. Reuniao Brasileira de Nematologia _cMossoro, RN (Brazil) _d24-28 Feb 1976 |
|
| 245 | 1 | _aMapeamento e importancia das doencas do cajueiro no nordeste do Brasil | |
| 500 | _aPalestras e resumos. 10. Reuniao Brasileira de Nematologia Mossoro, RN (Brasil): 1976. p. 43-53 [Summary (En); 16 ref.] (BR8601178-AMS) | ||
| 773 | 0 |
_tPalestras e resumos. 10. Reuniao Brasileira de Nematologia _wH20 BR8601178 _gMossoro, RN (Brasil), 1976. p. 43-53 |
|
| 650 | _aCAJU | ||
| 650 | _aDOENCA DE PLANTA | ||
| 650 | _aFUNGO | ||
| 490 |
_aColecao Mossoroense (Brazil) _vno. 286 |
||
| 942 |
_cAMS _2AGRIS |
||
| 909 |
_a202506 _bLúcia _c55 _dLúcia Elande |
||
| 999 |
_c335134 _d335134 |
||